Normal view
MARC view
- PROJECT MANAGEMENT-INDUSTRIAL; INDUSTRIAL PROJECT MANAGEMENT
Entry Topical Term
001 - CONTROL NUMBER
- control field: 60588
003 - CONTROL NUMBER IDENTIFIER
- control field: NUST
005 - DATE AND TIME OF LATEST TRANSACTION
- control field: 20210628202559.0
008 - FIXED-LENGTH DATA ELEMENTS
- fixed length control field: 210628|| aca||aabn | a|a d
040 ## - CATALOGING SOURCE
- Original cataloging agency: NUST
- Transcribing agency: NUST
150 ## - HEADING--TOPICAL TERM
- Topical term or geographic name entry element: PROJECT MANAGEMENT-INDUSTRIAL; INDUSTRIAL PROJECT MANAGEMENT
670 ## - SOURCE DATA FOUND
- Source citation: Work cat.: (NUST): Kerzner, Harold 7267, Applied project management, best practices on implementation
